Tripathagamini Ganga/ (Record no. 187552)

MARC details
000 -LEADER
fixed length control field 00680nam a22001937a 4500
005 - DATE AND TIME OF LATEST TRANSACTION
control field 20220422170259.0
010 ## - LCCN (DPL NO)
LC control number ENG-132360
020 ## - INTERNATIONAL STANDARD BOOK NUMBER
International Standard Book Number 9789350760918
Terms of availability 2500.00
035 ## - SYSTEM CONTROL NUMBER
System control number EN-115892
037 ## - SOURCE OF ACQUISITION
Source of stock number/acquisition DBAD/PUB
082 ## - DEWEY DECIMAL CLASSIFICATION NUMBER
Classification number 551.4830954
100 ## - MAIN ENTRY--PERSONAL NAME
Personal name Chandramouli, K
245 ## - TITLE STATEMENT
Title Tripathagamini Ganga/
Statement of responsibility, etc K. Chandramouli & Madhumita Bhattacharya
260 ## - PUBLICATION, DISTRIBUTION, ETC. (IMPRINT)
Place of publication, distribution, etc Varanasi
Name of publisher, distributor, etc Pilgrims Publishing
Date of publication, distribution, etc 2018
270 ## - ADDRESS
Address B 27/98 A-8, Nawabganj Road, Durga Kund
City Varanasi
Postal code 221010
Telephone number 91-[542]2314060
Electronic mail address pilgrimspublishingvns@gmail.com
300 ## - PHYSICAL DESCRIPTION
Extent 387p.
Dimensions 25cm(hbk)
Other physical details Bibliography,Annexure
700 ## - ADDED ENTRY--PERSONAL NAME
Personal name Bhattacharya, Madhumita
942 ## - ADDED ENTRY ELEMENTS (KOHA)
Source of classification or shelving scheme Dewey Decimal Classification
Item type English Books
Classification part 551.4830954
Call number suffix CHA
Holdings
Withdrawn status Lost status Not for loan Collection code Home library Current library Date acquired Source of acquisition Cost, normal purchase price Full call number Barcode Copy number Cost, replacement price Koha item type
    Not For Loan Non-fiction D.B.Act.Division D.B.Act.Division 22/04/2022 DBAD/PUB 2500.00 551.4830954 CHA EN-115892 1 2500.00 English Books

© Delhi Public Library
Hit Counter
free hit counter